000 00554nam a2200181Ia 4500
008 090124s9999 xx 000 0 und d
082 _b30594
_a3511
100 _aगवांदे राजाभाऊ
245 _a आठवणींचा मोहर
250 _a1
260 _c2000
300 _a258
600 _aगवांदे राजाभाऊ
630 _a आठवणींचा मोहर
700 _aगवांदे राजाभाऊ
730 _a आठवणींचा मोहर
942 _cBOOK
999 _c144075
_d144075